[Event "SVK-chT1W 1314"]
[Site "Slovakia"]
[Date "2014.03.22"]
[Round "10.5"]
[White "Baranek, Jozef"]
[Black "Lukac, Roman"]
[Result "1/2-1/2"]
[WhiteElo "2152"]
[BlackElo "2110"]
[PlyCount "49"]
[EventDate "2013.10.12"]
[EventType "team-tourn"]
[EventRounds "11"]
[EventCountry "SVK"]
[SourceTitle "EXT 2015"]
[Source "ChessBase"]
[SourceDate "2014.11.20"]
[SourceVersion "1"]
[SourceVersionDate "2014.11.20"]
[SourceQuality "1"]
[WhiteTeam "Komarno"]
[BlackTeam "Trnava Lokomotiva"]
[WhiteTeamCountry "SVK"]
[BlackTeamCountry "SVK"]

1. g3 d5 2. c4 c6 3. Bg2 Nf6 4. Qc2 Bg4 5. h3 Bh5 6. Nf3 Nbd7 7. d3 e6 8. Nbd2 Bd6 9. 0-0 0-0 10. b3 Rc8 11. Bb2 Bb8 12. e4 e5 13. Rac1 d4 14. c5 b5 15. cxb6 axb6 16. a4 Re8 17. Ba3 h6 18. Nh4 Nf8 19. Bxf8 Rxf8 20. Nf5 Re8 21. b4 Nd7 22. Nb3 f6 23. Ra1 Bf7 24. a5 c5 25. Rfc1 1/2-1/2

[Event "SVK-chT1W 1314"]
[Site "Slovakia"]
[Date "2013.10.13"]
[Round "2.6"]
[White "Baranek, Jozef"]
[Black "Oprea, Erik"]
[Result "0-1"]
[WhiteElo "2152"]
[BlackElo "2130"]
[PlyCount "112"]
[EventDate "2013.10.12"]
[EventType "team-tourn"]
[EventRounds "11"]
[EventCountry "SVK"]
[SourceTitle "EXT 2015"]
[Source "ChessBase"]
[SourceDate "2014.11.20"]
[SourceVersion "1"]
[SourceVersionDate "2014.11.20"]
[SourceQuality "1"]
[WhiteTeam "Komarno"]
[BlackTeam "Devinska Nova Ves"]
[WhiteTeamCountry "SVK"]
[BlackTeamCountry "SVK"]

1. g3 d6 2. d4 c6 3. Bg2 Nd7 4. b3 Ngf6 5. Bb2 g6 6. e4 e5 7. Ne2 Bg7 8. 0-0 0-0 9. Nd2 Re8 10. Nc4 Nb6 11. Nxb6 Qxb6 12. dxe5 dxe5 13. c4 h5 14. Qc2 Nh7 15. c5 Qc7 16. Rad1 h4 17. f4 h3 18. Bf3 g5 19. f5 b6 20. Bg4 Ba6 21. Bxh3 bxc5 22. Rd2 Rad8 23. Rfd1 Rxd2 24. Rxd2 Rd8 25. Bf1 g4 26. Bc1 Ng5 27. Rxd8+ Qxd8 28. Bxg5 Qxg5 29. Qc1 Qd8 30. Kf2 Bf8 31. h3 gxh3 32. Bxh3 Be7 33. Bf1 Qd3 34. Qe3 Qc2 35. Qf3 Bg5 36. Qh5 Qd2 37. Qg4 Kf8 38. Kg2 c4 39. bxc4 Bxc4 40. a3 Bd3 41. Qf3 Qc2 42. Qg4 Bxe4+ 43. Kf2 Bd2 44. Bg2 Bxf5 45. Qh4 Qc5+ 46. Kf1 Qd6 47. Bxc6 Bh6 48. Be4 Bd7 49. g4 Be3 50. Kg2 Bb5 51. Kf3 Bd2 52. Ng3 Qxa3+ 53. Kg2 Bf4 54. Qh8+ Ke7 55. Nf5+ Kd7 56. Qa8 Qb2+ 0-1

[Event "SVK-chT1W 1213"]
[Site "Slovakia"]
[Date "2013.02.03"]
[Round "7.6"]
[White "Baranek, Jozef"]
[Black "Svaralova, Monika"]
[Result "1-0"]
[WhiteElo "2131"]
[BlackElo "2021"]
[PlyCount "91"]
[EventDate "2012.10.20"]
[EventType "team-tourn"]
[EventRounds "11"]
[EventCountry "SVK"]
[SourceTitle "EXT 2015"]
[Source "ChessBase"]
[SourceDate "2014.11.20"]
[SourceVersion "1"]
[SourceVersionDate "2014.11.20"]
[SourceQuality "1"]
[WhiteTeam "Komarno"]
[BlackTeam "Levice"]
[WhiteTeamCountry "SVK"]
[BlackTeamCountry "SVK"]

1. g3 d5 2. c4 c6 3. Bg2 Nf6 4. Nf3 Bf5 5. b3 Nbd7 6. Bb2 Qb6 7. d3 dxc4 8. dxc4 Rd8 9. 0-0 Nc5 10. Qc1 Nce4 11. e3 e6 12. Nc3 Nc5 13. Nd4 Nd3 14. Qd2 Bg6 15. Na4 Qc7 16. Qc3 Bb4 17. Qc2 e5 18. Nf3 Nf4 19. Bxe5 Qe7 20. Qb2 Ba3 21. Bxf6 gxf6 22. exf4 Bxb2 23. Nxb2 0-0 24. Rfe1 Qa3 25. Nd1 Rfe8 26. Ne3 Be4 27. Ng4 Kg7 28. Nh4 Bxg2 29. Nf5+ Kf8 30. Rxe8+ Rxe8 31. Kxg2 Qb2 32. Rd1 Qc2 33. Nge3 Qxa2 34. Rd7 Qxb3 35. Nd6 Rxe3 36. fxe3 Qxe3 37. Rd8+ Ke7 38. Nf5+ Kxd8 39. Nxe3 Kc7 40. Kf3 Kd6 41. Ke2 Kc5 42. Kd3 Kb4 43. Kc2 a5 44. h4 h5 45. g4 hxg4 46. h5 1-0

[Event "SVK-chT1W 1112"]
[Site "Slovakia"]
[Date "2012.03.03"]
[Round "10.5"]
[White "Sosovicka, Juraj"]
[Black "Baranek, Jozef"]
[Result "1/2-1/2"]
[WhiteElo "2198"]
[BlackElo "2152"]
[PlyCount "99"]
[EventDate "2011.10.15"]
[EventType "team-tourn"]
[EventRounds "11"]
[EventCountry "SVK"]
[SourceTitle "EXT 2013"]
[Source "ChessBase"]
[SourceDate "2012.11.22"]
[SourceVersion "1"]
[SourceVersionDate "2012.11.22"]
[SourceQuality "1"]
[WhiteTeam "Bratislava Slovan III"]
[BlackTeam "Komarno"]
[WhiteTeamCountry "SVK"]
[BlackTeamCountry "SVK"]

1. e4 Nc6 2. Nf3 d5 3. exd5 Qxd5 4. Nc3 Qa5 5. d4 Bg4 6. Bb5 0-0-0 7. Bxc6 bxc6 8. Qd3 f6 9. Qe4 Bxf3 10. Qxf3 e5 11. dxe5 Qxe5+ 12. Be3 Bc5 13. 0-0 Bxe3 14. fxe3 Ne7 15. Rad1 Rd6 16. e4 Ng6 17. Qe3 Qa5 18. Qh3+ Kb8 19. Rxd6 cxd6 20. Qe6 Rd8 21. Kh1 Qe5 22. Qf7 Qe7 23. Qxe7 Nxe7 24. Kg1 Kc7 25. Rf3 Kd7 26. Rh3 h6 27. Kf2 Ke6 28. Ke3 Rb8 29. b3 Rb4 30. a3 Rb8 31. Ne2 Kf7 32. Nd4 c5 33. Nf5 Nxf5+ 34. exf5 Re8+ 35. Kd3 Re1 36. Rf3 Rg1 37. Rf2 Ke7 38. Kc4 a6 39. b4 cxb4 40. axb4 Kd7 41. c3 Ra1 42. Rf3 Kc6 43. Rg3 Rf1 44. Rxg7 Rxf5 45. g4 Rf4+ 46. Kb3 f5 47. gxf5 Rxf5 48. Rg4 Rh5 49. h4 a5 50. bxa5 1/2-1/2

[Event "SVK-chT1W 1112"]
[Site "Slovakia"]
[Date "2012.01.08"]
[Round "7.7"]
[White "Baranek, Jozef"]
[Black "Reisel, Frantisek"]
[Result "1/2-1/2"]
[WhiteElo "2152"]
[BlackElo "2085"]
[PlyCount "102"]
[EventDate "2011.10.15"]
[EventType "team-tourn"]
[EventRounds "11"]
[EventCountry "SVK"]
[SourceTitle "EXT 2013"]
[Source "ChessBase"]
[SourceDate "2012.11.22"]
[SourceVersion "1"]
[SourceVersionDate "2012.11.22"]
[SourceQuality "1"]
[WhiteTeam "Komarno"]
[BlackTeam "Prievidza II"]
[WhiteTeamCountry "SVK"]
[BlackTeamCountry "SVK"]

1. g3 d5 2. Bg2 c6 3. d4 Nf6 4. Nd2 g6 5. Ngf3 Bg7 6. c4 0-0 7. 0-0 Nbd7 8. b3 dxc4 9. Nxc4 Nb6 10. Nce5 Ne4 11. Bb2 f6 12. Nd3 Nd5 13. Nd2 Ndc3 14. Qe1 Nxd2 15. Qxd2 Nb5 16. e3 Rb8 17. a4 Nc7 18. Rfd1 Bg4 19. f3 Be6 20. Nc5 Bf7 21. b4 Re8 22. Ra3 Bf8 23. e4 e6 24. Raa1 Qe7 25. Qc3 Bg7 26. f4 Red8 27. Nd3 Ne8 28. e5 f5 29. Ba3 Qc7 30. Rac1 Bf8 31. Nc5 Qc8 32. h4 Nc7 33. Qb2 Be8 34. Bf1 b6 35. Nd3 Qb7 36. Bg2 Nd5 37. Bf3 Qe7 38. Ra1 Qf7 39. b5 Bxa3 40. Rxa3 Rbc8 41. Rc1 Rc7 42. Bxd5 cxd5 43. Rac3 Rdc8 44. Nb4 h6 45. Na6 Rxc3 46. Rxc3 Rxc3 47. Qxc3 Qe7 48. Qc8 Kg7 49. Nb8 Qb4 50. Qxe8 Qe1+ 51. Kg2 Qe2+ 1/2-1/2

[Event "SVK-chT2B 10/11"]
[Site "Slovakia"]
[Date "2010.10.24"]
[Round "2.5"]
[White "Nikel, Rastislav"]
[Black "Baranek, Jozef"]
[Result "1-0"]
[WhiteElo "1980"]
[BlackElo "2163"]
[PlyCount "87"]
[EventDate "2010.10.23"]
[EventType "team-tourn"]
[EventRounds "11"]
[EventCountry "SVK"]
[SourceTitle "EXT 2019"]
[Source "ChessBase"]
[SourceDate "2018.10.10"]
[SourceVersion "1"]
[SourceVersionDate "2018.10.10"]
[SourceQuality "1"]
[WhiteTeam "Levice"]
[BlackTeam "Komarno KSC"]
[WhiteTeamCountry "SLO"]
[BlackTeamCountry "SVK"]

1. e4 c5 2. Nf3 a6 3. c3 d5 4. exd5 Qxd5 5. d4 Nf6 6. Be2 e6 7. 0-0 Be7 8. c4 Qd8 9. Nc3 cxd4 10. Nxd4 0-0 11. Bf3 Qc7 12. Qe2 Rd8 13. Be3 e5 14. Nb3 Be6 15. c5 Nc6 16. Rfd1 Bxb3 17. axb3 Nd4 18. Bxd4 Rxd4 19. Rxd4 exd4 20. Na4 Rd8 21. Qc4 d3 22. Rd1 d2 23. g3 Qe5 24. Qc3 Qxc3 25. bxc3 Rd7 26. Kf1 a5 27. Ke2 Rc7 28. Rxd2 Kf8 29. b4 axb4 30. cxb4 Nd7 31. Nc3 Ne5 32. Ra2 Nxf3 33. Ra8+ Bd8 34. Rxd8+ Ke7 35. Rd3 Ne5 36. Re3 Ke6 37. f4 f6 38. fxe5 fxe5 39. Nb5 Rc8 40. Nd6 Ra8 41. Nxb7 Ra2+ 42. Kd1 Rb2 43. c6 Rxb4 44. Rc3 1-0

[Event "SVK-chT2B 0910"]
[Site "Slovakia"]
[Date "2010.02.07"]
[Round "9.3"]
[White "Lancz, Ondrej"]
[Black "Baranek, Jozef"]
[Result "1/2-1/2"]
[WhiteElo "2134"]
[BlackElo "2176"]
[PlyCount "115"]
[EventDate "2009.10.10"]
[EventType "team"]
[EventRounds "11"]
[EventCountry "SVK"]
[SourceTitle "EXT 2011"]
[Source "ChessBase"]
[SourceDate "2010.11.26"]
[SourceVersion "1"]
[SourceVersionDate "2010.11.26"]
[SourceQuality "1"]
[WhiteTeam "Sala Slovan Duslo"]
[BlackTeam "Surany"]
[WhiteTeamCountry "SVK"]
[BlackTeamCountry "SVK"]

1. Nf3 Nf6 2. c4 e6 3. g3 b6 4. Bg2 Bb7 5. 0-0 Be7 6. d4 0-0 7. Nc3 Ne4 8. Nxe4 Bxe4 9. b3 d6 10. Bb2 a5 11. Qc1 f5 12. Ne1 Bxg2 13. Nxg2 Qd7 14. Rd1 Bf6 15. Qc2 Nc6 16. a3 e5 17. dxe5 Bxe5 18. Bxe5 Nxe5 19. Nf4 Qf7 20. Nd5 Rae8 21. Rd4 g5 22. f4 Nc6 23. Rd3 gxf4 24. Nxf4 Re4 25. Rc1 Rfe8 26. Qd2 Qg7 27. Rd1 Qg5 28. Kf1 h5 29. Nd5 Qg7 30. Re3 Nd4 31. Rxe4 Rxe4 32. Nf4 Qg4 33. Re1 h4 34. Kf2 c5 35. b4 axb4 36. axb4 cxb4 37. Qd3 b3 38. Nd5 Kf7 39. gxh4 Qxh4+ 40. Qg3 Qxg3+ 41. hxg3 b2 42. Nf4 Nc2 43. Rb1 Ne3 44. Nd3 Nxc4 45. Nxb2 Ne3 46. Nd3 Nd5 47. Nf4 Rb4 48. Rd1 Nxf4 49. gxf4 Rxf4+ 50. Kg3 Rg4+ 51. Kf3 b5 52. Rxd6 b4 53. Rb6 Re4 54. e3 Ke7 55. Rb5 Kf6 56. Rb6+ Ke5 57. Rb5+ Ke6 58. Rb6+ 1/2-1/2

[Event "SVK-chT2B 0809"]
[Site "Slovakia"]
[Date "2008.10.11"]
[Round "1.4"]
[White "Blazek, Milos"]
[Black "Baranek, Jozef"]
[Result "0-1"]
[WhiteElo "2077"]
[BlackElo "2160"]
[PlyCount "62"]
[EventDate "2008.10.11"]
[EventType "team-tourn"]
[EventRounds "11"]
[EventCountry "SVK"]
[SourceTitle "EXT 2010"]
[Source "ChessBase"]
[SourceDate "2010.11.25"]
[SourceVersion "1"]
[SourceVersionDate "2010.11.25"]
[SourceQuality "1"]
[WhiteTeam "Trencin SK II"]
[BlackTeam "Komarno KSC"]
[WhiteTeamCountry "SVK"]
[BlackTeamCountry "SVK"]

1. e4 c5 2. Nf3 a6 3. c4 g6 4. d4 Bg7 5. Nc3 cxd4 6. Nxd4 d6 7. Be3 Nf6 8. Be2 0-0 9. 0-0 Nc6 10. Rc1 Nxd4 11. Bxd4 Be6 12. f4 Qa5 13. Qe1 Rfe8 14. b3 Rab8 15. Qf2 b5 16. e5 dxe5 17. Bxe5 Rbc8 18. cxb5 axb5 19. Nxb5 Rxc1 20. Rxc1 Qxa2 21. b4 Qd2 22. Rb1 Rc8 23. Bf1 Qxf2+ 24. Kxf2 Ng4+ 25. Kg1 Nxe5 26. fxe5 Bxe5 27. Na3 Rc3 28. Nb5 Rc2 29. Na3 Bd4+ 30. Kh1 Ra2 31. Nc4 Ra4 0-1

[Event "SVK-chT1E 0708"]
[Site "Slovakia"]
[Date "2008.03.15"]
[Round "10.3"]
[White "Palka, Miroslav"]
[Black "Baranek, Jozef"]
[Result "0-1"]
[WhiteElo "2045"]
[BlackElo "2160"]
[PlyCount "94"]
[EventDate "2007.10.13"]
[EventType "team-swiss"]
[EventRounds "11"]
[EventCountry "SVK"]
[SourceTitle "EXT 2019"]
[Source "ChessBase"]
[SourceDate "2018.10.10"]
[SourceVersion "1"]
[SourceVersionDate "2018.10.10"]
[SourceQuality "1"]
[WhiteTeam "Senica SK"]
[BlackTeam "Komarno KSC"]
[WhiteTeamCountry "SVK"]
[BlackTeamCountry "SVK"]

1. c4 Nf6 2. Nc3 b6 3. e4 e5 4. g3 Nc6 5. Bg2 Bc5 6. Nge2 h5 7. h3 d6 8. d3 Be6 9. Bg5 Qd7 10. Qd2 Nh7 11. Be3 Nd4 12. Bxd4 Bxd4 13. Nxd4 exd4 14. Ne2 c5 15. Nf4 h4 16. Nxe6 fxe6 17. g4 e5 18. f4 0-0 19. f5 b5 20. Rc1 bxc4 21. Rxc4 Rab8 22. 0-0 Qe7 23. b4 Rxb4 24. Rxb4 cxb4 25. Qxb4 Rc8 26. Rb1 Ng5 27. Qd2 Nf7 28. Rc1 Rb8 29. Rc2 Qg5 30. Qxg5 Nxg5 31. Bf1 Rb7 32. Kg2 Kf7 33. Be2 Kf6 34. Bd1 Rb1 35. Rd2 Rc1 36. Bb3 Re1 37. Rb2 Re3 38. Bc4 Nxh3 39. Rb7 Nf4+ 40. Kf1 g6 41. Rf7+ Kg5 42. Rh7 h3 43. Rh8 Nxd3 44. Kg1 Rg3+ 45. Kf1 Nf4 46. fxg6 Nxg6 47. Be6 Nxh8 0-1

[Event "SVK-chT2B 0708"]
[Site "Slovakia"]
[Date "2008.03.08"]
[Round "10.6"]
[White "Baranek, Jozef"]
[Black "Pinter, Patrik"]
[Result "1-0"]
[WhiteElo "2160"]
[BlackElo "2172"]
[PlyCount "59"]
[EventDate "2007.10.06"]
[EventType "team-tourn"]
[EventRounds "11"]
[EventCountry "SVK"]
[SourceTitle "EXT 2010"]
[Source "ChessBase"]
[SourceDate "2010.11.25"]
[SourceVersion "1"]
[SourceVersionDate "2010.11.25"]
[SourceQuality "1"]
[WhiteTeam "Surany Lokomotiva"]
[BlackTeam "Topolcianky SK"]
[WhiteTeamCountry "SVK"]
[BlackTeamCountry "SVK"]

1. Nf3 Nf6 2. d4 g6 3. Bf4 Bg7 4. Qc1 c5 5. Bh6 Bxh6 6. Qxh6 Qb6 7. b3 cxd4 8. Nbd2 d5 9. h4 Nc6 10. h5 Nb4 11. Rc1 Nxa2 12. hxg6 fxg6 13. Rb1 Nb4 14. Rh4 Rf8 15. Nxd4 Ng4 16. Rxg4 Bxg4 17. c3 Rc8 18. e3 Qf6 19. f3 Rxc3 20. fxg4 Qf2+ 21. Kd1 Rxe3 22. Nc2 Nxc2 23. Bb5+ Kd8 24. Kxc2 a6 25. Rf1 Rc3+ 26. Kxc3 Qc5+ 27. Kb2 Rxf1 28. Bxf1 d4 29. Qf8+ Kc7 30. Qf3 1-0

[Event "SVK-chT2B 0708"]
[Site "Slovakia"]
[Date "2007.11.03"]
[Round "3.3"]
[White "Detko, Jan"]
[Black "Baranek, Jozef"]
[Result "0-1"]
[WhiteElo "2124"]
[BlackElo "2160"]
[PlyCount "51"]
[EventDate "2007.10.06"]
[EventType "team-tourn"]
[EventRounds "11"]
[EventCountry "SVK"]
[SourceTitle "EXT 2010"]
[Source "ChessBase"]
[SourceDate "2010.11.25"]
[SourceVersion "1"]
[SourceVersionDate "2010.11.25"]
[SourceQuality "1"]
[WhiteTeam "Prievidza SK II"]
[BlackTeam "Surany Lokomotiva"]
[WhiteTeamCountry "SVK"]
[BlackTeamCountry "SVK"]

1. e4 c5 2. Nf3 a6 3. c4 g6 4. d4 Bg7 5. Nc3 cxd4 6. Nxd4 d6 7. Be3 Nf6 8. f3 Bd7 9. Qd2 Nc6 10. Nc2 Rc8 11. Nd5 Nxd5 12. cxd5 Ne5 13. Nd4 0-0 14. Be2 Nc4 15. Bxc4 Rxc4 16. b3 Rc5 17. 0-0 Qb8 18. Rac1 Rfc8 19. Rxc5 dxc5 20. Ne2 Qe5 21. Rc1 b6 22. Bf4 Qb2 23. Rc2 Qa1+ 24. Rc1 Qb2 25. Rc2 Qa1+ 26. Rc1 0-1

[Event "SVK-chT1W 0607"]
[Site "Slovakia"]
[Date "2007.02.11"]
[Round "9.1"]
[White "Vlcek, Stanislav"]
[Black "Baranek, Jozef"]
[Result "1-0"]
[WhiteElo "2313"]
[BlackElo "2227"]
[PlyCount "91"]
[EventDate "2006.10.07"]
[EventType "team-tourn"]
[EventRounds "11"]
[EventCountry "SVK"]
[SourceTitle "EXT 2008"]
[Source "ChessBase"]
[SourceDate "2007.11.25"]
[SourceVersion "1"]
[SourceVersionDate "2007.11.25"]
[SourceQuality "1"]
[WhiteTeam "Bratislava Doprastav"]
[BlackTeam "Komarno Hoffer II"]
[WhiteTeamCountry "SVK"]
[BlackTeamCountry "SVK"]

1. e4 c5 2. Nf3 a6 3. c4 d6 4. d4 cxd4 5. Nxd4 Nf6 6. Nc3 g6 7. Be2 Bg7 8. Be3 0-0 9. f3 Nc6 10. Qd2 Nxd4 11. Bxd4 Be6 12. 0-0 Qa5 13. Rab1 Rfc8 14. b4 Qd8 15. Nd5 Bxd5 16. exd5 Nd7 17. Be3 a5 18. a3 axb4 19. axb4 Ra3 20. Rfc1 b6 21. f4 Rca8 22. h3 Ra2 23. Rc2 Rxc2 24. Qxc2 Qc7 25. Qb3 Qa7 26. Bg4 f5 27. Bf3 Qa2 28. Qxa2 Rxa2 29. Bd1 Bc3 30. Kf1 Kf8 31. g4 Ke8 32. gxf5 gxf5 33. Bb3 Rh2 34. Ba4 Rxh3 35. Bxb6 Rf3+ 36. Ke2 Rxf4 37. Bb5 Re4+ 38. Kd3 Re1 39. Rb3 Bf6 40. Ra3 Ra1 41. Rxa1 Bxa1 42. c5 h5 43. Ba5 dxc5 44. bxc5 h4 45. c6 Nc5+ 46. Ke2 1-0

[Event "SVK-chT1W 0607"]
[Site "Slovakia"]
[Date "2007.01.14"]
[Round "7.2"]
[White "Baranek, Jozef"]
[Black "Machalova, Maria"]
[Result "1-0"]
[WhiteElo "2227"]
[BlackElo "2164"]
[PlyCount "107"]
[EventDate "2006.10.07"]
[EventType "team-tourn"]
[EventRounds "11"]
[EventCountry "SVK"]
[SourceTitle "EXT 2008"]
[Source "ChessBase"]
[SourceDate "2007.11.25"]
[SourceVersion "1"]
[SourceVersionDate "2007.11.25"]
[SourceQuality "1"]
[WhiteTeam "Komarno Hoffer II"]
[BlackTeam "Budmerice"]
[WhiteTeamCountry "SVK"]
[BlackTeamCountry "SVK"]

1. Nf3 c5 2. c4 Nc6 3. g3 g6 4. Bg2 Bg7 5. 0-0 e6 6. e3 Nge7 7. d4 cxd4 8. exd4 d5 9. c5 0-0 10. Nc3 b6 11. Na4 bxc5 12. Nxc5 Qb6 13. Na4 Qb5 14. Re1 Nf5 15. Bf1 Qb7 16. Be3 a5 17. Rc1 Nb4 18. Bf4 Na6 19. g4 Ne7 20. Re3 Bd7 21. Bxa6 Qxa6 22. Nc5 Qa7 23. Nxd7 Qxd7 24. Rc7 Qd8 25. Rec3 Nc8 26. Ne5 Bxe5 27. Bxe5 f6 28. Bg3 Rf7 29. R7c6 Re7 30. Qf3 Kf7 31. g5 f5 32. Be5 Rd7 33. Bf6 Qg8 34. Rc7 Qe8 35. Be5 Nb6 36. b3 Rc8 37. Qh3 Kg8 38. Rxc8 Nxc8 39. Qd3 Nd6 40. Qa6 Nf7 41. Bf6 Nd6 42. Rc6 Qf8 43. f3 Qb8 44. Qxa5 Nb7 45. Qc3 Nd8 46. Rc8 Qb6 47. a4 e5 48. Bxe5 Qa6 49. Bf6 Qd6 50. b4 h6 51. b5 hxg5 52. Bxg5 Kf7 53. Bxd8 Rxd8 54. Qc7+ 1-0

[Event "SVK-chT1W 0607"]
[Site "Slovakia"]
[Date "2006.11.05"]
[Round "4.1"]
[White "Slapak, Zdenek"]
[Black "Baranek, Jozef"]
[Result "1-0"]
[WhiteElo "2160"]
[BlackElo "2227"]
[PlyCount "117"]
[EventDate "2006.10.07"]
[EventType "team-tourn"]
[EventRounds "11"]
[EventCountry "SVK"]
[SourceTitle "EXT 2008"]
[Source "ChessBase"]
[SourceDate "2007.11.25"]
[SourceVersion "1"]
[SourceVersionDate "2007.11.25"]
[SourceQuality "1"]
[WhiteTeam "Bratislava Slovan II"]
[BlackTeam "Komarno Hoffer II"]
[WhiteTeamCountry "SVK"]
[BlackTeamCountry "SVK"]

1. Nf3 c5 2. e4 a6 3. d4 cxd4 4. Nxd4 Nf6 5. Nc3 e5 6. Nb3 Bb4 7. Bd3 d5 8. Nd2 dxe4 9. Ncxe4 Nxe4 10. Bxe4 f5 11. c3 Be7 12. Bc2 0-0 13. 0-0 Nc6 14. Bb3+ Kh8 15. Nf3 Qc7 16. Ng5 Bxg5 17. Bxg5 f4 18. f3 Bf5 19. Qe2 h6 20. Bh4 Rae8 21. Bd5 Ne7 22. Bxe7 Rxe7 23. Rad1 b5 24. Rfe1 Qc5+ 25. Qf2 Qxf2+ 26. Kxf2 Rd8 27. Bc6 Rxd1 28. Rxd1 g5 29. Rd8+ Kg7 30. Ra8 Bd3 31. Rxa6 b4 32. Rb6 bxc3 33. bxc3 e4 34. Bxe4 Bxe4 35. fxe4 Rxe4 36. Rb4 Re6 37. a4 Rc6 38. c4 Kf6 39. a5 Ke5 40. Ra4 Ra6 41. Kf3 Kd4 42. h4 gxh4 43. Kxf4 Kc3 44. c5 Kb3 45. Ra1 Kb2 46. Rd1 Rxa5 47. Rd5 Kc3 48. Ke5 Kc4 49. Kd6 Ra2 50. c6 Rxg2 51. Rh5 Rg6+ 52. Kd7 Rg7+ 53. Kc8 Kd4 54. c7 Rg1 55. Kb7 Rb1+ 56. Kc6 Rc1+ 57. Kd7 Ke4 58. Rxh4+ Kf5 59. Rxh6 1-0

[Event "SVK-chT1W 0506"]
[Site "Slovakia"]
[Date "2006.??.??"]
[Round "?"]
[White "Baranek, Jozef"]
[Black "Krajcovic, Branislav"]
[Result "1-0"]
[WhiteElo "2215"]
[BlackElo "2110"]
[PlyCount "177"]
[EventDate "2005.10.15"]
[EventType "team-tourn"]
[EventRounds "11"]
[EventCountry "SVK"]
[SourceTitle "EXT 2008"]
[Source "ChessBase"]
[SourceDate "2007.11.25"]
[SourceVersion "1"]
[SourceVersionDate "2007.11.25"]
[SourceQuality "1"]

1. Nf3 Nf6 2. g3 g6 3. d4 d5 4. Bg2 Bg7 5. c4 c6 6. 0-0 0-0 7. b3 Nbd7 8. Bb2 Ne4 9. cxd5 cxd5 10. Nc3 Ndf6 11. Ne5 Be6 12. f3 Nxc3 13. Bxc3 Qd6 14. Qd2 Rfc8 15. Rac1 Ne8 16. e3 f6 17. Bb4 Qd8 18. Nd3 b6 19. Ba3 Qd7 20. Rxc8 Rxc8 21. Rc1 Rxc1+ 22. Qxc1 Nd6 23. Bf1 Bf8 24. Kf2 g5 25. Be2 Nb5 26. Bb2 Bf7 27. a4 Nd6 28. Ba3 Qh3 29. Kg1 Qd7 30. Nb4 h5 31. Nc6 a5 32. Nb8 Qe6 33. Bxd6 Qxd6 34. Na6 e5 35. Qc3 Kg7 36. Nc7 exd4 37. exd4 Qe7 38. Kf2 Qd6 39. Nb5 Qd7 40. Qc7 Qh3 41. Kg1 Qe6 42. Kf2 Bb4 43. Qc1 Bg6 44. Nc7 Qh3 45. Kg1 Qf5 46. Qe3 Qd7 47. Qc1 h4 48. gxh4 gxh4 49. Bb5 Qf5 50. Kf2 Bh5 51. Ne8+ Bxe8 52. Bxe8 Qd3 53. Qe3 Qc2+ 54. Qe2 Qxb3 55. Bb5 Qc3 56. Qe3 Qc2+ 57. Qe2 Qc3 58. Qe3 Qc2+ 59. Qe2 Qf5 60. Qe8 Qf4 61. Qd7+ Kh6 62. Qxd5 Qxh2+ 63. Ke3 Qd2+ 64. Ke4 Bc3 65. Qd8 Kg7 66. Qe7+ Kg8 67. Bc4+ Kh8 68. Qxf6+ Kh7 69. Qxh4+ Kg7 70. Qe7+ Kh6 71. Qf6+ Kh7 72. Qe7+ Kg6 73. Qd6+ Kg7 74. Qc7+ Kf6 75. Qxb6+ Kg5 76. Qd8+ Kg6 77. Bd3 Kg7 78. Qd7+ Kf6 79. Bc4 Qe1+ 80. Kd5 Bb4 81. Kc6 Qe3 82. Kb5 Bd2 83. Qf7+ Kg5 84. Qd5+ Kh6 85. Qe6+ Kg7 86. Qe5+ Kf8 87. Qf6+ Ke8 88. Bd5 Qc3 89. Bc6+ 1-0

[Event "SVK-chT1W 0506"]
[Site "Slovakia"]
[Date "2006.??.??"]
[Round "?"]
[White "Hudec, Jan"]
[Black "Baranek, Jozef"]
[Result "0-1"]
[WhiteElo "2085"]
[BlackElo "2215"]
[PlyCount "80"]
[EventDate "2005.10.15"]
[EventType "team-tourn"]
[EventRounds "11"]
[EventCountry "SVK"]
[SourceTitle "EXT 2008"]
[Source "ChessBase"]
[SourceDate "2007.11.25"]
[SourceVersion "1"]
[SourceVersionDate "2007.11.25"]
[SourceQuality "1"]

1. d4 Nf6 2. c4 e6 3. Nc3 d5 4. Bg5 Be7 5. e3 0-0 6. Nf3 b6 7. Qb3 Bb7 8. Bxf6 Bxf6 9. cxd5 exd5 10. Rd1 c6 11. Bd3 Nd7 12. 0-0 Qc7 13. Qc2 Rfc8 14. Bxh7+ Kh8 15. Bd3 c5 16. Nb5 Qb8 17. Qe2 c4 18. Bb1 a6 19. Nc3 Re8 20. Nd2 g6 21. Qf3 Kg7 22. Rfe1 b5 23. a3 Nb6 24. Nf1 Re6 25. Ng3 Qe8 26. Nce2 Bd8 27. Nf4 Rd6 28. Nfh5+ Kf8 29. Qf4 Bc7 30. Bxg6 Rxg6 31. Qxc7 Qc6 32. Qe5 Nd7 33. Qf4 Re8 34. Qf3 Nf6 35. Nf4 Rg8 36. Nf5 Bc8 37. Nh6 Rh8 38. h3 Rxh6 39. g4 Ne4 40. Nh5 Qg6 0-1

[Event "SVK-chT 0506"]
[Site "Slovakia"]
[Date "2005.10.09"]
[Round "2"]
[White "Baranek, Jozef"]
[Black "Hrivnak, Martin"]
[Result "0-1"]
[WhiteElo "2217"]
[BlackElo "2177"]
[PlyCount "85"]
[EventDate "2005.10.08"]
[EventType "team-tourn"]
[EventRounds "11"]
[EventCountry "SVK"]
[SourceTitle "EXT 2019"]
[Source "ChessBase"]
[SourceDate "2018.10.10"]
[SourceVersion "1"]
[SourceVersionDate "2018.10.10"]
[SourceQuality "1"]
[WhiteTeam "Komarno"]
[BlackTeam "Kosice Slavia"]
[WhiteTeamCountry "SVK"]
[BlackTeamCountry "SVK"]

1. Nf3 d6 2. c4 e5 3. Nc3 g6 4. d4 Nd7 5. dxe5 dxe5 6. Bg5 f6 7. Bd2 a5 8. Qc2 Nc5 9. Rd1 Bf5 10. e4 Bd7 11. Be3 Nh6 12. h3 Nf7 13. Be2 Bd6 14. 0-0 0-0 15. Nb5 Qc8 16. Nxd6 cxd6 17. Ne1 Bc6 18. f3 f5 19. exf5 gxf5 20. Nd3 Ne6 21. Qc3 f4 22. Bc1 Nd4 23. Rfe1 Nxe2+ 24. Rxe2 Ng5 25. Nf2 Rf6 26. c5 Rg6 27. Kf1 e4 28. fxe4 f3 29. gxf3 Nxh3 30. Ng4 Rxg4 31. fxg4 Qxg4 32. Qd4 Rf8+ 33. Ke1 Ng1 34. Rf2 Nf3+ 35. Rxf3 Rxf3 36. Be3 Qg2 37. Bf2 Rf4 38. Qc4+ d5 39. Qf1 Rxe4+ 40. Kd2 Rd4+ 41. Kc2 Qe4+ 42. Kc1 Rc4+ 43. Kd2 0-1

[Event "SVK-chT1W 0506"]
[Site "Slovakia"]
[Date "2005.??.??"]
[Round "?"]
[White "Biro, Karol"]
[Black "Baranek, Jozef"]
[Result "1-0"]
[WhiteElo "2170"]
[BlackElo "2215"]
[PlyCount "87"]
[EventDate "2005.10.15"]
[EventType "team-tourn"]
[EventRounds "11"]
[EventCountry "SVK"]
[SourceTitle "EXT 2008"]
[Source "ChessBase"]
[SourceDate "2007.11.25"]
[SourceVersion "1"]
[SourceVersionDate "2007.11.25"]
[SourceQuality "1"]

1. c4 Nf6 2. g3 e6 3. Bg2 d5 4. Nf3 Be7 5. 0-0 0-0 6. b3 c5 7. cxd5 Nxd5 8. Bb2 Nc6 9. Qc1 Bd7 10. Nc3 Nxc3 11. Bxc3 Rc8 12. Qb2 f6 13. d4 cxd4 14. Nxd4 e5 15. Nxc6 Bxc6 16. Bh3 Qd5 17. f3 Rcd8 18. Kh1 b5 19. Ba5 Bc5 20. Bxd8 Bd4 21. Qc2 Bxa1 22. Be7 Bd4 23. Bxf8 Kxf8 24. Qxh7 b4 25. Bf5 Bb5 26. Bd3 Bxd3 27. Qxd3 Qc5 28. Kg2 Kf7 29. Rd1 g6 30. e3 Bxe3 31. Qd7+ Qe7 32. Qh3 Bd4 33. Qh7+ Ke6 34. Qxg6 Qc5 35. Qe8+ Kf5 36. Qh5+ Ke6 37. Qg4+ Kf7 38. Qe4 Qc3 39. f4 Qb2+ 40. Kh3 Qxa2 41. fxe5 fxe5 42. Rf1+ Ke6 43. Qc6+ Ke7 44. Qd5 1-0